[Event "Caplin Menchik Mem 1st"]
[Site "London"]
[Date "2022.06.23"]
[Round "6.1"]
[White "Yao, Lan"]
[Black "Toma, Katarzyna"]
[Result "1/2-1/2"]
[WhiteElo "2276"]
[BlackElo "2304"]
[PlyCount "83"]
[EventDate "2022.06.21"]
[EventType "tourn"]
[EventRounds "9"]
[EventCountry "ENG"]
[SourceTitle "playchess.com"]
[Source "ChessBase"]
[SourceQuality "1"]

1. e4 c5 2. Nf3 Nc6 3. Bb5 g6 4. O-O Bg7 5. Re1 Nf6 6. e5 Nd5 7. Nc3 Nc7 8.
Bxc6 dxc6 9. Ne4 b6 10. Nf6+ Kf8 11. Ne4 Ne6 12. d3 Nd4 13. c3 Nxf3+ 14. Qxf3
Qd5 15. Bg5 h6 16. Bf6 Bf5 17. Bxg7+ Kxg7 18. Re3 Rad8 19. Qf4 Bxe4 20. Qxe4
Qxe4 21. dxe4 Rd2 22. Rb1 Rhd8 23. Kf1 c4 24. Re2 R2d3 25. f3 g5 26. Kf2 f6 27.
exf6+ Kxf6 28. Rbe1 Ke5 29. Re3 c5 30. h4 gxh4 31. Rh1 Rg8 32. Rxd3 cxd3 33.
Rxh4 c4 34. Rxh6 e6 35. g3 b5 36. Rh5+ Kd6 37. g4 e5 38. Ke3 a5 39. Rh6+ Kc7
40. Rh7+ Kc6 41. Rh6+ Kc7 42. Rh7+ 1/2-1/2

[Event "Caplin Menchik Mem 1st"]
[Site "London"]
[Date "2022.06.23"]
[Round "6.2"]
[White "Hryshchenko, Kamila"]
[Black "Arakhamia-Grant, Ketevan"]
[Result "1/2-1/2"]
[WhiteElo "2037"]
[BlackElo "2354"]
[PlyCount "77"]
[EventDate "2022.06.21"]
[EventType "tourn"]
[EventRounds "9"]
[EventCountry "ENG"]
[SourceTitle "playchess.com"]
[Source "ChessBase"]
[SourceQuality "1"]

1. e4 c5 2. d3 d5 3. Be2 Nc6 4. f4 e5 5. Nf3 dxe4 6. dxe4 Qxd1+ 7. Bxd1 Bd6 8.
fxe5 Nxe5 9. Nc3 Bd7 10. Be2 Ne7 11. Be3 Ng4 12. O-O-O Nxe3 13. Rxd6 O-O-O 14.
Ne5 Be6 15. Rxe6 fxe6 16. Nf7 Rhf8 17. Nxd8 Rxd8 18. Re1 Ng6 19. g3 Ne5 20. Na4
c4 21. Nc5 Rd6 22. Bh5 g6 23. Rxe3 gxh5 24. Na4 Rd8 25. b3 Rf8 26. Re2 Kc7 27.
Nb2 b5 28. bxc4 bxc4 29. Nd1 Kc6 30. Rf2 Rxf2 31. Nxf2 Kc5 32. Kd2 Nf3+ 33. Ke2
Nxh2 34. c3 Kd6 35. Nh3 Ng4 36. Kf3 Ne5+ 37. Ke3 Nd3 38. Kd4 Nb2 39. e5+
1/2-1/2

[Event "Caplin Menchik Mem 1st"]
[Site "London"]
[Date "2022.06.23"]
[Round "6.3"]
[White "Varney, Zoe"]
[Black "Schulze, Lara"]
[Result "0-1"]
[WhiteElo "2046"]
[BlackElo "2303"]
[PlyCount "108"]
[EventDate "2022.06.21"]
[EventType "tourn"]
[EventRounds "9"]
[EventCountry "ENG"]
[SourceTitle "playchess.com"]
[Source "ChessBase"]
[SourceQuality "1"]

1. e4 e5 2. d4 exd4 3. Qxd4 Nc6 4. Qe3 Bb4+ 5. Nc3 Nge7 6. Bd2 O-O 7. O-O-O d6
8. Qg3 Be6 9. Nf3 f6 10. Bd3 Bf7 11. h4 Kh8 12. h5 Ne5 13. Be2 Nxf3 14. gxf3 a5
15. Qh4 Nc6 16. Rdg1 Nd4 17. Bd1 Qe7 18. Rh3 c6 19. f4 Rae8 20. f5 d5 21. exd5
Nxf5 22. Qg4 Bxc3 23. Bxc3 Qe4 24. Qxe4 Rxe4 25. dxc6 bxc6 26. h6 Bg6 27. hxg7+
Kxg7 28. Bg4 Nd4 29. Bxd4 Rxd4 30. Bf5 Rf4 31. Bxg6 hxg6 32. Rg2 Rd8 33. Rhg3
g5 34. Rc3 Rd6 35. b3 a4 36. Kb2 Rd2 37. Rxc6 axb3 38. Kxb3 Rdxf2 39. Rxf2 Rxf2
40. a4 g4 41. Rc7+ Kg6 42. a5 Rf3+ 43. c3 g3 44. Rc8 Kh7 45. a6 g2 46. a7 g1=Q
47. a8=Q Qb1+ 48. Kc4 Rf4+ 49. Kc5 Rf5+ 50. Kc6 Qb5+ 51. Kd6 Qd3+ 52. Ke7 Re5+
53. Kf8 Qd6+ 54. Kf7 Qe7# 0-1

[Event "Caplin Menchik Mem 1st"]
[Site "London"]
[Date "2022.06.24"]
[Round "7.2"]
[White "Dworakowska, Joanna"]
[Black "Vidic, Teja"]
[Result "1-0"]
[WhiteElo "2321"]
[BlackElo "2168"]
[PlyCount "71"]
[EventDate "2022.06.21"]
[EventType "tourn"]
[EventRounds "9"]
[EventCountry "ENG"]
[SourceTitle "playchess.com"]
[Source "ChessBase"]
[SourceQuality "1"]

1. e4 e5 2. Nf3 Nc6 3. Bc4 Bc5 4. c3 Nf6 5. d4 exd4 6. e5 d5 7. Bb5 Ne4 8. cxd4
Bb4+ 9. Bd2 Bxd2+ 10. Nfxd2 O-O 11. Bxc6 bxc6 12. O-O Rb8 13. Nb3 f6 14. f3 Ng5
15. Nc3 fxe5 16. dxe5 Ne6 17. Qd2 d4 18. Ne2 c5 19. Rac1 Qd5 20. f4 Bb7 21. Rf2
Rbd8 22. Na5 Ba8 23. h4 Qe4 24. Kh2 d3 25. Ng3 Qg6 26. f5 Qg4 27. fxe6 Rxf2 28.
Qxf2 d2 29. Rd1 Qxd1 30. Qf7+ Kh8 31. e7 Qg1+ 32. Kxg1 d1=Q+ 33. Kh2 h6 34. Nf5
Rg8 35. e8=Q Rxe8 36. Qxg7# 1-0

[Event "Caplin Menchik Mem 1st"]
[Site "London"]
[Date "2022.06.24"]
[Round "7.3"]
[White "Schulze, Lara"]
[Black "Hunt, Harriet V"]
[Result "1/2-1/2"]
[WhiteElo "2303"]
[BlackElo "2395"]
[PlyCount "33"]
[EventDate "2022.06.21"]
[EventType "tourn"]
[EventRounds "9"]
[EventCountry "ENG"]
[SourceTitle "playchess.com"]
[Source "ChessBase"]
[SourceQuality "1"]

1. e4 c5 2. Nc3 a6 3. g3 b5 4. Bg2 Bb7 5. Nf3 e6 6. d4 cxd4 7. Nxd4 Nf6 8. a3
Qc7 9. O-O d6 10. Re1 Be7 11. a4 bxa4 12. Rxa4 Nbd7 13. Nb3 Nb6 14. Ra2 Nc4 15.
Ra4 Nb6 16. Ra2 Nc4 17. Ra4 1/2-1/2

[Event "Caplin Menchik Mem 1st"]
[Site "London"]
[Date "2022.06.24"]
[Round "7.4"]
[White "Arakhamia-Grant, Ketevan"]
[Black "Varney, Zoe"]
[Result "1-0"]
[WhiteElo "2354"]
[BlackElo "2046"]
[PlyCount "75"]
[EventDate "2022.06.21"]
[EventType "tourn"]
[EventRounds "9"]
[EventCountry "ENG"]
[SourceTitle "playchess.com"]
[Source "ChessBase"]
[SourceQuality "1"]

1. e4 e5 2. Nf3 Nc6 3. Bb5 a6 4. Ba4 Nf6 5. O-O Be7 6. d3 b5 7. Bb3 d6 8. c3
O-O 9. Re1 Na5 10. Bc2 c5 11. Nbd2 Nc6 12. Nf1 h6 13. Ng3 Re8 14. h3 Be6 15. d4
cxd4 16. cxd4 exd4 17. Nxd4 Nxd4 18. Qxd4 Rc8 19. Bb3 d5 20. e5 Nd7 21. Be3 Bc5
22. Qd1 d4 23. Bf4 Qb6 24. Qh5 d3 25. Ne4 Bb4 26. Nd6 Bxe1 27. Rxe1 Bxb3 28.
axb3 Qxd6 29. exd6 Rxe1+ 30. Kh2 Rc2 31. Qg4 Nf6 32. d7 Nxg4+ 33. hxg4 Rd1 34.
d8=Q+ Kh7 35. Qd4 g6 36. Qf6 d2 37. Qxf7+ Kh8 38. Be5# 1-0

[Event "Caplin Menchik Mem 1st"]
[Site "London"]
[Date "2022.06.24"]
[Round "7.5"]
[White "Toma, Katarzyna"]
[Black "Hryshchenko, Kamila"]
[Result "0-1"]
[WhiteElo "2304"]
[BlackElo "2037"]
[PlyCount "72"]
[EventDate "2022.06.21"]
[EventType "tourn"]
[EventRounds "9"]
[EventCountry "ENG"]
[SourceTitle "playchess.com"]
[Source "ChessBase"]
[SourceQuality "1"]

1. e4 g6 2. d4 Bg7 3. Nc3 d6 4. f4 Nf6 5. Nf3 O-O 6. Bd3 c5 7. d5 Na6 8. Qe2
Rb8 9. O-O Nc7 10. a4 Bd7 11. Kh1 Qc8 12. Bc4 b6 13. e5 Nfe8 14. Ng5 Bg4 15.
Qe1 h6 16. Nge4 a6 17. Qh4 b5 18. axb5 axb5 19. Be2 Bxe2 20. Nxe2 f5 21. exf6
Nxf6 22. f5 Nxe4 23. Bxh6 Rxf5 24. Bxg7 Nxd5 25. Qxe4 Kxg7 26. Ng3 Re5 27. Qf3
Nf6 28. Ra7 Qe6 29. h3 Rh8 30. Kg1 Rh4 31. Qf2 Rd4 32. Rb7 b4 33. b3 Re3 34.
Ra1 Qe5 35. Raa7 Nd5 36. Rb8 Rf4 0-1

[Event "Caplin Menchik Mem 1st"]
[Site "London"]
[Date "2022.06.25"]
[Round "8.1"]
[White "Yao, Lan"]
[Black "Hryshchenko, Kamila"]
[Result "1-0"]
[WhiteElo "2276"]
[BlackElo "2037"]
[PlyCount "25"]
[EventDate "2022.06.21"]
[EventType "tourn"]
[EventRounds "9"]
[EventCountry "ENG"]
[SourceTitle "playchess.com"]
[Source "ChessBase"]
[SourceQuality "1"]

1. e4 g6 2. d4 Bg7 3. Nc3 d6 4. Nf3 a6 5. Be3 Nf6 6. h3 O-O 7. Be2 b5 8. e5
Nfd7 9. e6 fxe6 10. h4 Nf6 11. h5 c5 12. hxg6 hxg6 13. dxc5 1-0

[Event "Caplin Menchik Mem 1st"]
[Site "London"]
[Date "2022.06.25"]
[Round "8.2"]
[White "Varney, Zoe"]
[Black "Toma, Katarzyna"]
[Result "0-1"]
[WhiteElo "2046"]
[BlackElo "2304"]
[PlyCount "68"]
[EventDate "2022.06.21"]
[EventType "tourn"]
[EventRounds "9"]
[EventCountry "ENG"]
[SourceTitle "playchess.com"]
[Source "ChessBase"]
[SourceQuality "1"]

1. e4 c5 2. Nf3 Nc6 3. d4 cxd4 4. Nxd4 Nf6 5. Nc3 e5 6. Ndb5 d6 7. Nd5 Nxd5 8.
exd5 Ne7 9. c4 Nf5 10. Bd3 Be7 11. O-O O-O 12. f4 Qb6+ 13. Kh1 Ne3 14. Bxe3
Qxe3 15. f5 Bd7 16. Rf3 Qh6 17. Rh3 Qg5 18. Qc2 g6 19. Rg3 Qh5 20. Rh3 Qg5 21.
Rg3 Qh6 22. Nc3 Kh8 23. Rf1 Rac8 24. b3 Qh4 25. Rh3 Qd4 26. Qc1 Rg8 27. Rxh7+
Kxh7 28. fxg6+ fxg6 29. Rf7+ Rg7 30. Rf3 Rf8 31. Rg3 Bf5 32. Be2 Rgf7 33. Nb5
Qf2 34. Qd1 Be4 0-1

[Event "Caplin Menchik Mem 1st"]
[Site "London"]
[Date "2022.06.25"]
[Round "8.3"]
[White "Hunt, Harriet V"]
[Black "Arakhamia-Grant, Ketevan"]
[Result "1/2-1/2"]
[WhiteElo "2395"]
[BlackElo "2354"]
[PlyCount "105"]
[EventDate "2022.06.21"]
[EventType "tourn"]
[EventRounds "9"]
[EventCountry "ENG"]
[SourceTitle "playchess.com"]
[Source "ChessBase"]
[SourceQuality "1"]

1. e4 c5 2. Nf3 a6 3. c4 Nc6 4. d4 cxd4 5. Nxd4 e5 6. Nc2 Bc5 7. Nc3 Nge7 8.
Bd3 O-O 9. O-O d6 10. Rb1 Be6 11. a3 Rc8 12. Ne3 Nd4 13. Ned5 Bxd5 14. cxd5 b5
15. Bd2 Qd7 16. b4 Bb6 17. a4 f5 18. exf5 Nexf5 19. axb5 axb5 20. Kh1 Rf6 21.
Qh5 g6 22. Qh3 Qb7 23. Ne4 Rff8 24. Ng5 Bd8 25. Be4 Rc4 26. f3 h6 27. Ne6 Nxe6
28. dxe6 d5 29. Bxf5 Rxf5 30. Qxh6 Qg7 31. g4 Rf8 32. Rbe1 Bf6 33. Qe3 g5 34.
Qb6 Rc2 35. Re2 Qe7 36. Qxb5 Qxe6 37. Qd3 Rc7 38. Rfe1 Qd6 39. b5 d4 40. Qe4
Rb8 41. Rb1 Kg7 42. Kg2 Rcb7 43. h4 Rxb5 44. Rxb5 Rxb5 45. hxg5 Bd8 46. f4 exf4
47. Bxf4 Qd5 48. Be5+ Kg8 49. Bxd4 Qxe4+ 50. Rxe4 Bxg5 51. Kf3 Rb4 52. Ke2 Bf6
53. Kd3 1/2-1/2

[Event "Caplin Menchik Mem 1st"]
[Site "London"]
[Date "2022.06.25"]
[Round "8.4"]
[White "Vidic, Teja"]
[Black "Schulze, Lara"]
[Result "0-1"]
[WhiteElo "2168"]
[BlackElo "2303"]
[PlyCount "92"]
[EventDate "2022.06.21"]
[EventType "tourn"]
[EventRounds "9"]
[EventCountry "ENG"]
[SourceTitle "playchess.com"]
[Source "ChessBase"]
[SourceQuality "1"]

1. e4 c5 2. Nf3 Nc6 3. d4 cxd4 4. Nxd4 Nf6 5. Nc3 d6 6. Bg5 e6 7. Qd2 a6 8.
O-O-O Bd7 9. f4 Be7 10. Nf3 b5 11. Bxf6 gxf6 12. f5 O-O 13. g4 Kh8 14. Ne2 Qa5
15. Qxa5 Nxa5 16. Nf4 Rg8 17. Rg1 Nc6 18. h3 Rae8 19. Kb1 Ne5 20. Nd4 Bd8 21.
Nh5 Bc8 22. Rg3 Bb7 23. Bg2 Nd7 24. Re3 Bb6 25. Re2 Re7 26. e5 fxe5 27. Nc6
Bxc6 28. Bxc6 Nb8 29. Bh1 Bc7 30. Nf6 Rd8 31. c3 d5 32. fxe6 fxe6 33. g5 e4 34.
a4 Nc6 35. axb5 axb5 36. h4 Ne5 37. Rg1 Rf8 38. b3 Bb6 39. Rg3 Ra7 40. Ra2 Rxa2
41. Kxa2 e3 42. Rg2 Nd3 43. Kb1 Nf4 44. Kc2 Nxg2 45. Bxg2 Ra8 46. Kd3 Ra2 0-1

[Event "Caplin Menchik Mem 1st"]
[Site "London"]
[Date "2022.06.25"]
[Round "8.5"]
[White "Koubova, Anna Marie"]
[Black "Dworakowska, Joanna"]
[Result "1/2-1/2"]
[WhiteElo "2115"]
[BlackElo "2321"]
[PlyCount "112"]
[EventDate "2022.06.21"]
[EventType "tourn"]
[EventRounds "9"]
[EventCountry "ENG"]
[SourceTitle "playchess.com"]
[Source "ChessBase"]
[SourceQuality "1"]

1. d4 Nf6 2. c4 g6 3. Nc3 Bg7 4. e4 d6 5. Be2 O-O 6. Bg5 h6 7. Be3 Nbd7 8. Qd2
Kh7 9. h4 c5 10. d5 b5 11. cxb5 Ne5 12. f3 a6 13. h5 g5 14. Nh3 axb5 15. Nxb5
Nfd7 16. g4 Nb6 17. Qc2 Bd7 18. O-O Kg8 19. a4 Qb8 20. Ra2 Rxa4 21. Rxa4 Nxa4
22. Qxa4 c4 23. b3 Qxb5 24. Qxb5 Bxb5 25. Rc1 Nxf3+ 26. Kg2 Ne5 27. bxc4 Bd7
28. Nf2 Ra8 29. Rc2 Bf6 30. c5 dxc5 31. Bxc5 Rc8 32. Rc1 Kf8 33. Be3 Rxc1 34.
Bxc1 Ke8 35. Kg3 Ba4 36. Ba3 Kd7 37. Bb4 Kc7 38. Nd1 Nd3 39. Bxd3 Bxd1 40. Kh3
Ba4 41. Be2 Kd7 42. Kg2 Be5 43. Kf3 Ke8 44. Ke3 Kd7 45. Bc5 f6 46. Bb4 Bf4+ 47.
Kd4 Be5+ 48. Ke3 Bf4+ 49. Kf3 Ke8 50. Bc5 Bc2 51. Bb5+ Kf7 52. Bc4 Bd1+ 53. Be2
Bc2 54. Bc4 Kf8 55. Bb5 Bb1 56. Bc4 Bc2 1/2-1/2

[Event "Caplin Menchik Mem 1st"]
[Site "London"]
[Date "2022.06.26"]
[Round "9.1"]
[White "Dworakowska, Joanna"]
[Black "Yao, Lan"]
[Result "1-0"]
[WhiteElo "2321"]
[BlackElo "2276"]
[PlyCount "169"]
[EventDate "2022.06.21"]
[EventType "tourn"]
[EventRounds "9"]
[EventCountry "ENG"]
[SourceTitle "playchess.com"]
[Source "ChessBase"]
[SourceQuality "1"]

1. Nf3 Nf6 2. g3 e6 3. Bg2 d5 4. O-O Be7 5. d3 O-O 6. Nbd2 c5 7. e4 Nc6 8. Re1
Qc7 9. c3 b5 10. Qe2 Bb7 11. e5 Nd7 12. Nf1 d4 13. Bf4 dxc3 14. bxc3 b4 15.
cxb4 Nxb4 16. Ne3 Nd5 17. Nxd5 Bxd5 18. h4 Qc6 19. h5 Rab8 20. Rec1 Rb4 21. Rc2
Rfb8 22. Rac1 Rb1 23. Nd4 Rxc1+ 24. Rxc1 Qb7 25. Bxd5 Qxd5 26. Nb3 Rd8 27. Na5
h6 28. Qe4 Nb8 29. Qxd5 Rxd5 30. Rb1 Nd7 31. Nc6 Bf8 32. Rb3 g5 33. hxg6 fxg6
34. g4 g5 35. Bg3 Kh7 36. Kf1 Bg7 37. Rb7 Rxd3 38. Ke2 Rd5 39. Ne7 Rd4 40. Nc6
Rd5 41. Rxa7 h5 42. gxh5 Kh6 43. Ne7 Rd4 44. Nc6 Rd5 45. Ne7 Rd4 46. Ra6 Kxh5
47. Rxe6 Ra4 48. Nf5 Rxa2+ 49. Kf3 Bf8 50. Rc6 Ra3+ 51. Kg2 Ra8 52. e6 Nf6 53.
e7 Bxe7 54. Nxe7 Ne4 55. Nf5 Kg4 56. Ne3+ Kh5 57. Nd5 Ra3 58. Nf6+ Nxf6 59.
Rxf6 c4 60. Rc6 Ra4 61. Be5 Kg4 62. Bc3 Kf5 63. Kf3 g4+ 64. Ke3 Kg5 65. Rc5+
Kh4 66. Be5 Kh3 67. Bg3 Ra3+ 68. Kd4 Kg2 69. Rxc4 Ra8 70. Ke4 Rf8 71. Rc5 Rh8
72. Kf4 Kh3 73. Rf5 Rh7 74. Rf6 Rh5 75. Rf7 Rh8 76. Kg5 Rg8+ 77. Kf5 Rh8 78.
Rg7 Rh5+ 79. Kg6 Ra5 80. Rh7+ Kg2 81. Rh5 Ra8 82. Kg5 Kf3 83. Rh6 Ra5+ 84. Kh4
Rf5 85. Re6 1-0

[Event "Caplin Menchik Mem 1st"]
[Site "London"]
[Date "2022.06.26"]
[Round "9.3"]
[White "Arakhamia-Grant, Ketevan"]
[Black "Vidic, Teja"]
[Result "1-0"]
[WhiteElo "2354"]
[BlackElo "2168"]
[PlyCount "95"]
[EventDate "2022.06.21"]
[EventType "tourn"]
[EventRounds "9"]
[EventCountry "ENG"]
[SourceTitle "playchess.com"]
[Source "ChessBase"]
[SourceQuality "1"]

1. e4 e5 2. Nf3 Nc6 3. Bb5 a6 4. Ba4 b5 5. Bb3 g6 6. c3 Bg7 7. d4 exd4 8. cxd4
d6 9. h3 Nge7 10. Nc3 O-O 11. O-O Na5 12. Bc2 c5 13. Re1 cxd4 14. Nxd4 Bb7 15.
Bg5 h6 16. Bh4 Re8 17. Nd5 Bxd5 18. exd5 Qd7 19. Rc1 Rac8 20. b4 Nc4 21. Bxe7
Rxe7 22. Rxe7 Qxe7 23. Nc6 Qd7 24. Bb3 Nb6 25. a4 bxa4 26. Bxa4 Kh7 27. Bc2 Qb7
28. Bd3 Nd7 29. Qe2 Nb8 30. Qe4 Rc7 31. h4 f5 32. Qc4 h5 33. Rc2 Qb6 34. g3 Be5
35. Kg2 Kh6 36. Be2 Nxc6 37. dxc6 a5 38. b5 Bd4 39. Bf3 Bc5 40. Re2 Bd4 41. Re6
Bxf2 42. Qf4+ Kh7 43. Qg5 Rg7 44. Bxh5 Qb8 45. Bxg6+ Kg8 46. Bf7+ Kh8 47. Rh6+
Rh7 48. Qf6# 1-0

[Event "Caplin Menchik Mem 1st"]
[Site "London"]
[Date "2022.06.26"]
[Round "9.4"]
[White "Toma, Katarzyna"]
[Black "Hunt, Harriet V"]
[Result "1/2-1/2"]
[WhiteElo "2304"]
[BlackElo "2395"]
[PlyCount "60"]
[EventDate "2022.06.21"]
[EventType "tourn"]
[EventRounds "9"]
[EventCountry "ENG"]
[SourceTitle "playchess.com"]
[Source "ChessBase"]
[SourceQuality "1"]

1. e4 c6 2. d4 d5 3. exd5 cxd5 4. Bd3 Nc6 5. c3 Nf6 6. Ne2 g6 7. O-O Bg7 8. Nd2
O-O 9. Nf3 Bg4 10. Ne5 Nxe5 11. dxe5 Nd7 12. f4 Nc5 13. Be3 Nxd3 14. Qxd3 Bf5
15. Qd2 Qd7 16. Rad1 Rfd8 17. h3 Qa4 18. Nd4 Be4 19. a3 Qd7 20. Qf2 Rac8 21.
Rd2 a6 22. Qh4 Rc4 23. Ne2 b5 24. Bd4 Qe6 25. b3 Rcc8 26. Ng3 f5 27. Re1 Rd7
28. Nf1 Rdc7 29. Qg3 a5 30. Ra2 Qc6 1/2-1/2